000 00531nam a22001937a 4500
003 OSt
005 20140310181801.0
008 130703t xxu||||| |||| 00| 0 eng d
020 _a0812512898
050 _aAg 243
_b.R592 1992
082 _aREF 031.02
_bR48 1992
245 _aRipley's believe it or not! :
_bwild animals.
260 _aNew York
_bTom Doherty Associates, Inc
_cc1992.
300 _a124 p. ;
_bIllus.
_c17 cm.
521 _aBasic Ed. Students
541 _j1
562 _e1
942 _2lcc
_cBK-GR
_kREF
999 _c3619
_d3619